| 000 | 00550cas a22001935a 4500 | ||
|---|---|---|---|
| 001 | L138599 | ||
| 008 | 070625d19251937xxkmr p 0 a0eng u | ||
| 035 | _a(Sirsi) u138599 | ||
| 041 | 0 | _aeng | |
| 110 | 2 |
_aNational Association of Auctioneers, House Agents, Rating Surveyors and Valuers _94989 |
|
| 245 | 0 | 0 | _aEstates Review |
| 260 |
_aLondon _bNAA _c1925-1937 |
||
| 362 | 0 | _a1(2) July 1925-12(6) June 1936 | |
| 520 | _aIncomplete holdings. | ||
| 554 | _a12 per year | ||
| 651 | 4 |
_aEngland and Wales _y1543- |
|
| 690 | _aPROPERTY | ||
| 942 | _n0 | ||
| 999 |
_c119000 _d119000 |
||